How many German Football Teams can you name? - Statistics

General Stats
  • This quiz has been taken 57 times
  • The average score is 37 of 56
Answer Stats
Answer % Correct
Bayern München
100%
Bayer Leverkusen
96%
Borussia Dortmund
96%
Borussia Dortmund II
96%
RB Leipzig
93%
Eintracht Frankfurt
91%
Hamburger SV
89%
1.FC Köln
87%
1. FC Union Berlin
87%
VfB Stuttgart
87%
1. FC Nürnberg
85%
Werder Bremen
85%
Borussia Mönchengladbach
84%
FC Schalke 04
84%
VfB Stuttgart II
84%
Hannover 96
80%
Dynamo Dresden
78%
FC Augsburg
78%
FC St. Pauli
78%
Hertha BSC
78%
Fortuna Düsseldorf
76%
Mainz 05
76%
SC Freiburg
76%
TSG Hoffenheim
76%
VfL Bochum
76%
VfL Wolfsburg
76%
Holstein Kiel
75%
Hannover 96 II
71%
1.FC Kaiserslautern
67%
1. FC Heidenheim
65%
Hansa Rostock
65%
1860 München
64%
Arminia Bielefeld
62%
Rot-Weiss Essen
58%
1. FC Saarbrücken
56%
Alemannia Aachen
56%
SV Elversberg
56%
1. FC Magdeburg
55%
Eintracht Braunschweig
55%
SV Darmstadt
55%
Karlsruher SC
53%
FC Ingolstadt
51%
SC Paderborn
51%
Jahn Regensburg
47%
Waldhof Mannheim
47%
Greuther Fürth
45%
Preußen Münster
45%
SV Wehen Wiesbaden
40%
VfL Osnabrück
40%
SSV Ulm
38%
Energie Cottbus
36%
Erzgebirge Aue
29%
Viktoria Köln
27%
SpVgg Unterhaching
24%
SC Verl
22%
SV Sandhausen
22%
No matching quizzes found
Score Distribution
Percent of People with Each Score
Percentile by Number Answered
Your Score History
You have not taken this quiz